| 000 | 01170nam0a2200301 4500 | ||
|---|---|---|---|
| 001 | RU\NLR\bibl\554757 | ||
| 005 | 20260405134805.0 | ||
| 010 |
_a5-9524-0968-7 _95000 |
||
| 021 |
_aRU _b2004-50899 _92502 |
||
| 035 | _a(NLR Aleph) 000546909 | ||
| 090 |
_a1448067 _c1448067 |
||
| 100 | _a20040921d2004 |||y0rusy50 ca | ||
| 101 | 1 |
_arus _ceng |
|
| 102 | _aRU | ||
| 105 | _aa ||||||||| | ||
| 200 | 1 |
_aАрхеология оружия _dThe archaeology of weapons _eОт бронзового века до эпохи Ренессанса _fЭварт Окшотт _g[Пер. с англ. М.К. Якушиной] _zeng |
|
| 210 |
_aМ. _cЦентрполиграф _d2004 |
||
| 215 |
_a388,[10] с., [12] л. ил. _cил., карт. _d21 |
||
| 300 | _aАвт. также на англ. яз.: R. Ewart Oakeshott | ||
| 510 | 0 |
_aThe archaeology of weapons _zeng |
|
| 606 | 0 |
_aОружие _xИстория _91288986 _3RU\NLR\auth\66214962 |
|
| 686 | _aЦ9г(0) | ||
| 700 | 1 |
_4070 _8rus _7ca _aОкшотт _bЭ. _gЭварт _3RU\NLR\auth\7755255 _938187 |
|
| 801 | 0 |
_aRU _bNLR _c20040921 _gPSBO |
|
| 801 | 1 |
_aRU _bNLR _c20040921 |
|
| 942 | _cBOOK | ||
| 980 | _aNB | ||